000 01146cam a2200337 a 4500
001 11921197
003 OSt
005 20140310182149.0
008 000224s1999 enkaf c 000 0deng d
010 _a 00502557
020 _a0448420732
035 _a(OCoLC)ocm41876838
040 _aBKL
_cBKL
_dDLC
042 _alccopycat
_alcac
043 _ae-uk---
050 0 0 _aDA 591.A45
_b.K16 1999
082 0 0 _aHS 941.08502
_bK13 1999
100 1 _aKane, Ellen.
_915656
245 1 4 _aThe ultimate Prince William quiz book :
_bfun quizzes, facts, and photos /
_cEllen Kane.
260 _aNew York :
_bGrosset & Dunlap,
_cc1999.
300 _a59 p. :
_bill. (some col.) ;
_c21 cm.
541 _j1
562 _e1
600 0 0 _aWilliam,
_cPrince, Duke of Cambridge,
_d1982-
_vJuvenile literature.
_915657
600 0 1 _aWilliam,
_cPrince, Duke of Cambridge,
_d1982-
_915658
650 0 _aPrinces
_zGreat Britain
_vBiography
_vJuvenile literature.
_915659
650 1 _aPrinces.
_915660
906 _a7
_bcbc
_ccopycat
_d2
_encip
_f19
_gy-gencatlg
942 _2lcc
_cHS
999 _c9978
_d9978